000 00598nam a2200217 i 4500
001 bg
100 1 _aROBINSON, Dan
245 1 0 _aFundamentals of structured program design /
_cDan Robinson.
260 _aUpper Saddle River :
_bPrentice-Hall,
_ccop.2000.
300 _aIX, 326 s. ;
_c28 cm.
504 _aIndeks.
650 9 _aProgramowanie strukturalne
020 _a013927930X
040 _cBPK
041 0 _aen
080 _a004.4
920 _a0-13-927930-X
942 _cKS
008 s pl f |000 0 pol
999 _c40039
_d40039
856 _uhttp://koha.tu.koszalin.pl/cgi-bin/koha/opac-detail.pl?biblionumber=40039
_yKatalog online BPK